000 00665nam a2200253Ia 4500
005 20260123122735.0
008 008 260114s9999 xx 000 0 eng d
020 _a9788132112860
037 _aEBOOK
040 _aCRL
040 _beng
040 _cCRL
041 _2eng
041 _aeng
084 _qCRL
100 _aJugdep S. Chima
_91105008
245 4 _aThe Sikh Separatist Insurgency in India: Political Leadership and Ethnonationalist Movements
260 _bSAGE
260 _c2013
856 _uhttps://sk.sagepub.com/books/the-sikh-separatist-insurgency-in-india
942 _cEBOOK
999 _c1670244
_d1670244